00751pab a2200157 454500008004000000100002200040245006500062260000900127300001300136362001400149520033400163650002400497650002400521650001400545773003400559180718b1997 xxu||||| |||| 00| 0 eng d aAcharya, Poromesh aEducational ideals of Tagore and Gandhi: a comparative study c1997 ap.601-06 a22-28 Mar aThe fundamental difference in their attitude to life gets reflected in the educational writtings of Gandhi and Tagore. If Tagore's artistic bent of mind prompted him to conceive of leisure as the core of meaningful life, Gandhi's value of manual labour made emphasise work as the fruitful way of harnessing energies. - Reproduced aTagore on education aGandhi on education aEducation aEconomic and Political Weekly